3. Liga Torschützen 2021/2022 - Statistiken

Allgemein
  • Dieses Quiz wurde 167 mal gespielt
  • Das Durchschnittsergebnis liegt bei 8 aus 22
Antwortstatistiken
Tore Verein Spieler % Korrekt
19 1. FC Magdeburg Barış Atik
80%
15 1. FC Kaiserslautern / Hallescher FC Terrence Boyd
79%
21 TSV 1860 München Marcel Bär
72%
11 Waldhof Mannheim Dominik Martinovic
42%
10 MSV Duisburg Moritz Stoppelkamp
42%
12 1. FC Magdeburg Luca Schuler
39%
11 Waldhof Mannheim Marc Schnatterer
35%
11 1. FC Saarbrücken Adriano Grimaldi
34%
11 1. FC Magdeburg Jason Ceka
33%
10 Hallescher FC / 1. FC Kaiserslautern Elias Huth
31%
14 SV Meppen Luka Tankulić
31%
11 SC Freiburg II Vincent Vermeij
30%
10 1. FC Saarbrücken Julian Günther-Schmidt
28%
14 SV Wehen Wiesbaden Gustaf Nilsson
26%
11 VfL Osnabrück Marc Heider
25%
11 FSV Zwickau Dominic Baumann
23%
12 Eintracht Braunschweig Lion Lauberbach
22%
10 Borussia Dortmund II Berkan Taz
20%
13 Hallescher FC Michael Eberwein
20%
12 MSV Duisburg Orhan Ademi
19%
10 SC Verl Ron Berlinski
16%
11 SC Verl Lukas Petkov
12%
Keine übereinstimmenden Quizze gefunden
Verteilung der Resultate
Anzahl Personen mit jedem Resultat
Perzentil nach korrekt beantworteten Fragen
Ihre Resultats-Entwicklung
Sie haben dieses Quiz noch nicht gespielt